000 00829nam a22002177a 4500
008 240702b mp ||||| |||| 00| 0 mon d
035 _a12025
040 _aSU1322070
_bmon
_cMN-UlNLM
_dMN-UlNLM
_erda
041 _amon
042 _a30202
084 _2NNA
_a28.693.35
_bА-35
100 _aАйгнэр Э.
245 0 _aДууч шувууд
264 _aУлаанбаатар хот
_bАдмон ХХК
_c2006
300 _a20х.
336 _2rdacontent
_atext
_btxt
337 _2rdamedia
_aunmediated
_bn
338 _2rdacarrier
_avolume
_bnc
650 _aДууч шувууд: Аюул осол тохиолдвол шувууд хоорондоо жиргэн бие биедээ анхааруулах дохио өгнө. Зарим дууч шувуудын зөвхөн эрэгчи...
942 _2NNA
_cBK
999 _c1069718
_d1069775